000 00444nam a2200181Ia 4500
001 3432
005 20260306145643.0
008 260306t1991||||xx |||||||||||||| ||spa||
041 _aESP
082 _a277
_bC12
100 _aCabrejos Vidarte, Miguel, Monseñor
_eAUT
245 0 _aReflexiones sobre la nueva evangelización:
_breflexiones
260 _c1991
300 _a
_c
650 _aGEN
654 _aCHU
942 _cLIB
_dJUS
_fJUS
_2ddc
_n
999 _c3432
_d3432